| 000 | 00949cam a22003014a 4500 | ||
|---|---|---|---|
| 001 | 13896524 | ||
| 003 | EG-ScBUE | ||
| 005 | 20221012095335.0 | ||
| 008 | 040326t2004 it a f b 001 0 eng d | ||
| 020 | _a1904313299 (pbk.) | ||
| 020 | _a9781904313298 | ||
| 040 |
_aUKM _beng _erda _cUKM _dCUY _dDLC _dEG-ScBUE |
||
| 043 |
_aa------ _aff----- |
||
| 082 | 0 | 4 |
_222 _a720.917671 _bHOA |
| 100 | 1 |
_aHoag, John D., _eauthor. _923734 |
|
| 245 | 1 | 0 |
_aIslamic architecture / _cJohn D. Hoag. |
| 264 | 1 |
_aMilano : _bElecta Architecture, _c[2004] |
|
| 264 | 4 | _cc2004 | |
| 300 |
_a203 pages : _billustrations (some color) ; _c24 cm. |
||
| 490 | 0 | _aHistory of world architecture | |
| 504 | _aIncludes bibliographical references and index. | ||
| 650 | 7 |
_aIslamic architecture. _2BUEsh |
|
| 653 |
_bENGARC _cMarch2015 |
||
| 655 | _vReading book | ||
| 906 |
_a7 _bcbc _cpccadap _d2 _encip _f20 _gy-gencatlg |
||
| 942 |
_2ddc _cBB |
||
| 999 |
_c19067 _d19039 |
||